Matematika 1 /

Salvato in:
Dettagli Bibliografici
Autori principali: Budinský, Bruno (Autore), Charvát, Jura (Autore)
Natura: Libro
Lingua:ceco
Pubblicazione: Praha : SNTL, 1987
Edizione:1.vyd.
Soggetti:
Tags: Aggiungi Tag
Nessun Tag, puoi essere il primo ad aggiungerne!!

MARC

LEADER 00000nam a22000003a 4500
001 stu34992
005 20150617225729.3
008 920402s1987----cs------------------cze-d
040 |a STU  |b slo 
041 0 |a cze 
044 |a cs 
080 |a 51(075.8) 
100 1 |a Budinský, Bruno  |4 aut 
245 1 |a Matematika 1 /  |c [aut.]Bruno Budinský, Jura Charvát 
250 |a 1.vyd. 
260 |a Praha :  |b SNTL,  |c 1987 
300 |a 499 s 
650 7 |a matematika  |2 stusub 
700 1 |a Charvát, Jura  |4 aut 
996 |b 284M045099  |c M*1742/1-3  |l MMKN  |s A  |a 24  |w stu34992_0001 
996 |b 284M045098  |c M*1742/1-4  |l MMKN  |s A  |a 24  |w stu34992_0002 
996 |b 284M045097  |c M*1742/1-5  |l MMKN  |s A  |a 24  |w stu34992_0003 
996 |b 284M045095  |c M*1742/1-6  |l MMKN  |s A  |a 24  |w stu34992_0004 
996 |b 284M045096  |c M*1742/1-2  |l MMKN  |s A  |a 24  |w stu34992_0005